| 000 | 00639nam a2200193 a 4500 | ||
|---|---|---|---|
| 001 | BRCA_492 | ||
| 005 | 20190320203032.0 | ||
| 008 | 141005s2004----sp-a---###---#000-0#spa-d | ||
| 020 | _a8493352314 | ||
| 050 | 4 |
_aNK4340.T3 _b.G69 2004 |
|
| 100 | 1 |
_aGonzález Zamora, César _91697 |
|
| 245 | 1 | 0 |
_aTalaveras _blas lozas de talavera y su entorno a través de una colección _cCésar González Zamora. |
| 260 |
_aMadrid _bAntiqvaria _c2004 |
||
| 300 |
_a525 p. _bil. a color _c29 cm. |
||
| 500 | _aEstado físico: encuadernado, enero 2013 | ||
| 504 | _aBibliografía: p. 521-525 | ||
| 650 | 1 | 4 |
_aCerámica esmaltada _zEspaña _91698 |
| 942 |
_2lcc _cB |
||
| 999 |
_c426 _d426 |
||